| 000 | 00677nam0a22002531 4500 | ||
|---|---|---|---|
| 001 | RU\NLR\INFOCOMM16\ROSSICA\1000483660 | ||
| 005 | 20250613193226.0 | ||
| 035 | _a(NLR Aleph) 009967878 | ||
| 090 |
_a9632801 _c9632801 |
||
| 100 | _a20031028d1920 |||y0rusy50 ca | ||
| 101 | 0 | _ager | |
| 102 | _aRU | ||
| 105 | _ay ||||000ay | ||
| 200 | 1 |
_aRevolutionäre Kämpfe und revolutionäre Kämpfer 1919 _fZetkin, Klara |
|
| 210 |
_aPetrograd _d1920 |
||
| 215 | _d8° | ||
| 700 | 1 |
_aZetkin _bK. _f1857-1933 _gKlara _4070 |
|
| 801 | 1 |
_aRU _bInfoComm _c20031028 |
|
| 801 | 0 |
_aRU _bNLR _gPSBO |
|
| 852 |
_aNLR _j26.21.9.9 |
||
| 942 | _cBOOK | ||
| 980 | _aNB | ||
| 980 | _aRossica | ||